| 000 | 01663nam0a2200337 4500 | ||
|---|---|---|---|
| 001 | RU\NLR\BIBL_A\010027216 | ||
| 005 | 20250613200544.0 | ||
| 010 |
_a978-5-7422-3973-4 _9200 |
||
| 021 |
_aRU _b2014-60143 _93646 |
||
| 035 | _a(NLR Aleph) 010027216 | ||
| 090 |
_a9930544 _c9930544 |
||
| 100 | _a20140131d2013 |||y0rusy50 ca | ||
| 101 | 0 | _aeng | |
| 102 | _aRU | ||
| 105 | _ay ||||||||| | ||
| 200 | 1 |
_aMultiple Ito and Stratonovich stochastic integrals: approximations, properties, formulas _fDmitriy F. Kuznetsov _gMin. of education a. sciences of Russ. Federation, Saint-Petersburg state polytechnical univ. |
|
| 210 |
_aSaint-Petersburg _cPolytechn. univ. _d2013 |
||
| 215 |
_a380 c _d24 |
||
| 320 | _aБиблиогр.: с. 377-380 (54 назв.) | ||
| 606 | 1 |
_aИто стохастические уравнения _xАппроксимация _92090457 _3RU\NLR\AUTH\661568914 |
|
| 606 | 1 |
_aСтохастические интегралы _xТейлора-Стратоновича разложения _92155807 _3RU\NLR\AUTH\661297848 |
|
| 606 | 1 |
_aАппроксимация рациональная рядами Фурье _92202122 _3RU\NLR\AUTH\661323240 |
|
| 686 | 1 | _aВ192.162 | |
| 686 | 1 | _aВ192.14 | |
| 700 | 1 |
_6z45790 _aKuznecov _bD. F. _f1970- _gDmitrij Feliksovič |
|
| 790 | 1 |
_6z45700 _aKuznetsov _bD.F. _gDmitriy F |
|
| 830 | _aНесколько Ито и стохастических интегралов Стратоновича: аппроксимации, свойства, формулы | ||
| 942 | _cBOOK | ||
| 980 | _aNB | ||